SECURITY ANALYSIS AND PORTFOLIO MANAGEMENT (Record no. 9064)
[ view plain ]
| 000 -LEADER | |
|---|---|
| fixed length control field | 01054nam a22001697a 4500 |
| 003 - CONTROL NUMBER IDENTIFIER | |
| control field | SGT |
| 020 ## - INTERNATIONAL STANDARD BOOK NUMBER | |
| International Standard Book Number | 9789325963085 |
| 082 ## - DEWEY DECIMAL CLASSIFICATION NUMBER | |
| Classification number | 332.6,PAN |
| 100 ## - MAIN ENTRY--PERSONAL NAME | |
| Personal name | PANDIAN,PUNITHAVATHY |
| 245 ## - TITLE STATEMENT | |
| Title | SECURITY ANALYSIS AND PORTFOLIO MANAGEMENT |
| 250 ## - EDITION STATEMENT | |
| Edition statement | 2ND |
| 260 ## - PUBLICATION, DISTRIBUTION, ETC. (IMPRINT) | |
| Place of publication, distribution, etc | NEW DELHI |
| Name of publisher, distributor, etc | VIKAS |
| Year of Publication | 2013 |
| 300 ## - PAGE DESCRIPTION | |
| No. of Pages | 557 |
| 650 ## - SUBJECT ADDED ENTRY--TOPICAL TERM | |
| Topical term or geographic name as entry element | FINANCIAL ECONOMICS |
| 653 ## - KEYWORDS--INDEX TERM | |
| Keyword term | 1. INTRODUCTION TO INVESTMENT AND SECURITIES 2. INVESTMENT ALTERNATIVES 3. NEW ISSUE MARKET 4. SECONDARY MARKET 5. STOCK MARKET INDICES 6. SECURITIES AND EXCHANGE BOARD OF INDIA (LTD) 7. RISK 8. BOND RETURN AND VALUATION 9. STOCK RETURN AND VALUATION 10. FUNDAMENTAL ANALYSIS: ECONOMIC AND INDUSTRY ANALYSIS 11. FUNDAMENTAL ANALYSIS: COMPANY ANALYSIS 12. TECHNICAL ANALYSIS 13. INDICATORS AND OSCILLATORS 14. EFFICIENT MARKET THEORY 15. OPTIONS AND FUTURES 16. FUTURES 17. PORTFOLIO CONSTRUCTION 18. PORTFOLIO MARKOWITZ MODEL 19. SHARPE INDEX MODEL 20. CAPM AND ARBITRAGE PRICING THEORY 21. PORTFOLIO EVALUATION 22. PORTFOLIO REVISION 23. INTERNATIONAL PORTFOLIO INVESTMENT |
| 942 ## - ADDED ENTRY ELEMENTS (KOHA) | |
| Source of classification or shelving scheme | Dewey Decimal Classification |
| Koha item type | FCM Books |
| 942 ## - ADDED ENTRY ELEMENTS (KOHA) | |
| -- | 6 |
| Withdrawn status | Lost status | Source of classification or shelving scheme | Damaged status | Not for loan | Collection code | Home library | Current library | Shelving location | Date acquired | Vendor Name | Cost, normal purchase price | SGTU | Bill Number | Total Checkouts | Full call number | Accession No. (Barcode) | Date last seen | Date last borrowed | Bill Date | Koha item type |
|---|---|---|---|---|---|---|---|---|---|---|---|---|---|---|---|---|---|---|---|---|
| Dewey Decimal Classification | COMMERCE MANAGEMENT | SGT Science & Social Sciences Library | SGT Science & Social Sciences Library | On Display | 15/06/2016 | KIRTI PRAKASHAN | 450.00 | SGTU | 2705 | 9 | 332.6,PAN | CM789 | 10/10/2022 | 20/09/2022 | 14/08/2015 | FCM Books | ||||
| Dewey Decimal Classification | COMMERCE MANAGEMENT | SGT Science & Social Sciences Library | SGT Science & Social Sciences Library | On Display | 15/06/2016 | KIRTI PRAKASHAN | 450.00 | SGTU | 2705 | 13 | 332.6,PAN | CM790 | 09/01/2025 | 09/01/2025 | 14/08/2015 | FCM Books | ||||
| Dewey Decimal Classification | COMMERCE MANAGEMENT | SGT Science & Social Sciences Library | SGT Science & Social Sciences Library | On Display | 15/06/2016 | KIRTI PRAKASHAN | 450.00 | SGTU | 2705 | 12 | 332.6,PAN | CM791 | 14/07/2025 | 18/02/2025 | 14/08/2015 | FCM Books |